Estimating price book (Record no. 108742)

MARC details
000 -LEADER
fixed length control field 01370cam a22003015a 4500
001 - CONTROL NUMBER
control field L145279
008 - FIXED-LENGTH DATA ELEMENTS--GENERAL INFORMATION
fixed length control field 080923s2008 xxkade f 000 0 eng d
020 ## - INTERNATIONAL STANDARD BOOK NUMBER
International Standard Book Number 9781904829829
035 ## - SYSTEM CONTROL NUMBER
System control number (Sirsi) u145279
041 0# - LANGUAGE CODE
Language code of text/sound track or separate title eng
050 04 - LIBRARY OF CONGRESS CALL NUMBER
Classification number 692.5 $2 18
110 2# - MAIN ENTRY--CORPORATE NAME
Corporate name or jurisdiction name as entry element Building Cost Information Service
9 (RLIN) 1096
245 00 - TITLE STATEMENT
Title Estimating price book
Remainder of title SMM7, 2009
250 ## - EDITION STATEMENT
Edition statement 14th ed.
260 ## - PUBLICATION, DISTRIBUTION, ETC.
Place of publication, distribution, etc. London
Name of publisher, distributor, etc. BCIS
Date of publication, distribution, etc. 2008
300 ## - PHYSICAL DESCRIPTION
Extent multiple pagination
Other physical details ill
Dimensions 30cm.
520 ## - SUMMARY, ETC.
Summary, etc. Guide to the current (net cost) unit prices for building work. Gives unit rates compiled from over 500 000 price elements. Includes basic material prices, plant costs, labour costs, an approximate estimating section, professional information and BCIS square metre rates. Incorporates the latest amendments to professional information, average building prices, Town and Country Planning Regulations fees for applications and deemed applications, building regulations prescribed fees and cost limits and allowances.
520 ## - SUMMARY, ETC.
Summary, etc. Supersedes 13th. ed. (ISBN 9781904829607).
520 ## - SUMMARY, ETC.
Summary, etc. Superseded by 15th ed. (ISBN 9781904829942).
521 ## - TARGET AUDIENCE NOTE
Target audience note Advanced
590 ## - LOCAL NOTE (RLIN)
Local note KA
650 24 - SUBJECT ADDED ENTRY--TOPICAL TERM
Topical term or geographic name entry element STANDARD METHOD OF MEASUREMENT (SEVENTH EDITION)
651 #4 - SUBJECT ADDED ENTRY--GEOGRAPHIC NAME
Geographic name United Kingdom
Chronological subdivision
690 ## - LOCAL SUBJECT ADDED ENTRY--TOPICAL TERM (OCLC, RLIN)
Topical term or geographic name as entry element BUILT ENVIRONMENT-BUILDING COSTS
700 1# - ADDED ENTRY--PERSONAL NAME
Personal name Barnett, N.P.
Relator term Editor
942 ## - ADDED ENTRY ELEMENTS (KOHA)
Suppress in OPAC 0
Holdings
Withdrawn status Lost status Source of classification or shelving scheme Damaged status Not for loan Home library Current library Shelving location Date acquired Total Checkouts Full call number Barcode Date last seen Copy number Price effective from Koha item type Date last checked out
    Dewey Decimal Classification     London London Folio 23/09/2008   BASEMENT 30076126 06/08/2019 2 06/08/2019 Reference material  
    Dewey Decimal Classification     London London Basement 23/09/2008 6 BASEMENT 30076127 06/08/2019 3 06/08/2019 Book 17/06/2009
    Dewey Decimal Classification     London London Folio 23/09/2008 9 BASEMENT 30076128 06/08/2019 4 06/08/2019 Book 27/01/2010
  Missing from bundle       London London RICS Boxes 03/10/2008   RICS 2008/44 30076125 06/08/2019 1 06/08/2019 Archive